NBA Starting PGs 2021 - Statistics

General Stats
  • This quiz has been taken 111 times
  • The average score is 20 of 30
Answer Stats
Team Answer % Correct
Nets Kyrie Irving
92%
Warriors Stephen Curry
91%
Raptors Kyle Lowry
88%
Hawks Trae Young
88%
Hornets LaMelo Ball
87%
76ers Ben Simmons
86%
Trail Blazers Damian Lillard
86%
Mavericks Luka Doncic
84%
Wizards Russell Westbrook
84%
Suns Chris Paul
81%
Grizzlies Ja Morant
81%
Nuggets Jamal Murray
79%
Spurs Dejounte Murray
78%
Celtics Kemba Walker
78%
Kings De'Aaron Fox
74%
Cavaliers Darius Garland
67%
Rockets John Wall
67%
Thunder Shai Gilgeous-Alexander
65%
Jazz Mike Conley
64%
Timberwolves D'Angelo Russell
62%
Heat Goran Dragic
60%
Bulls Coby White
59%
Pelicans Eric Bledsoe
58%
Lakers Dennis Schroder
54%
Clippers Reggie Jackson
46%
Magic Markelle Fultz
45%
Bucks Donte DiVincenzo
35%
Knicks Elfrid Payton
34%
Pistons Killian Hayes
31%
Pacers Malcom Brogdan
13%
No matching quizzes found
Score Distribution
Percent of People with Each Score
Percentile by Number Answered
Your Score History
You have not taken this quiz